000
00294nam a22001337a 4500
008
211021b ||||| |||| 00| 0 eng d
041
_a
eng
080
_2
8th
_a
610.73
082
_a
610.73
100
_a
2
101
_a
INF
245
_a
Fundamentals of Nursing
_c
Potter,P.A
942
_2
udc
_c
BK
999
_c
58313
_d
58313